000 00241 a2200109 4500
001 63388
082 _a973 GAL
090 _c37439
_d37439
100 _aGallery Books
245 _aWest (Images of America)
_hEnglish
260 _bGallery Books
942 _aCAE NUST
_k973 GAL
999 _c298461
_d298461